Algebra /
Guardado en:
| Autor Principal: | |
|---|---|
| Formato: | Libro |
| Idioma: | English |
| Publicado: |
Upper Saddle River, N.J. :
Prentice Hall,
c1991.
|
| Materias: | |
| Etiquetas: |
Agregar Etiqueta
Sin Etiquetas, Sea el primero en etiquetar este registro!
|
| LEADER | 00959pam a2200217 a 4500 | ||
|---|---|---|---|
| 001 | MAT.inmabb003632 | ||
| 008 | 910125s1991####njua#####b####001#0#eng## | ||
| 005 | 20180502183344.0 | ||
| 245 | 1 | 0 | |a Algebra / |c Michael Artin. |
| 260 | |a Upper Saddle River, N.J. : |b Prentice Hall, |c c1991. | ||
| 300 | |a xviii, 618 p. : |b il. ; |c 24 cm. | ||
| 504 | |a Incluye referencias bibliográficas (p. 603-605) e índice. | ||
| 505 | 0 | |a 1. Matrix operations -- 2. Groups -- 3. Vector spaces -- 4. Linear transformations -- 5. Symmetry -- 6. More group theory -- 7. Bilinear forms -- 8. Linear groups -- 9. Group representations -- 10. Rings -- 11. Factorization -- 12. Modules -- 13. Fields -- 14. Galois theory. | |
| 510 | 4 | |a MR, |c 92g:00001 | |
| 020 | |a 0130047635 | ||
| 100 | 1 | |a Artin, Michael. | |
| 650 | 0 | |a Algebra. | |
| 084 | |a 00A05 (11-01 12-01 13-01 15-01 16-01 20-01) |2 msc2000 | ||
| 010 | |a 91002107 | ||
| 040 | |a DLC |c DLC |d DLC | ||
| 859 | |h 00A05A |i Ar791 |p A-7530 |b BIB. MATEMATICA | ||
